تحميل...
India's missile man APJ Abdul kalam
| المؤلف الرئيسي: | |
|---|---|
| التنسيق: | Printed Book |
| منشور في: |
Delhi
Abhijeet
2015
|
| LEADER | 00441nam a22001337a 4500 | ||
|---|---|---|---|
| 020 | |a 9789350741993 | ||
| 082 | |a 920 |b SIN/IN | ||
| 100 | |a Singh,ravishankar kumar | ||
| 245 | |a India's missile man APJ Abdul kalam | ||
| 260 | |a Delhi |b Abhijeet |c 2015 | ||
| 300 | |a 280p. |b HB | ||
| 942 | |c BK | ||
| 999 | |c 1791 |d 1791 | ||
| 952 | |0 0 |1 0 |4 0 |6 920_000000000000000_SIN_IN |7 0 |8 NFIC |9 2648 |a KUFOS |b KUFOS |c GEN |d 2016-05-03 |g 1400.00 |o 920 SIN/IN |p 17850` |r 2016-05-03 |w 2016-05-03 |y BK | ||